A Survey of American Literature : Určeno pro posl. fak. pedagog. a filosof. Part 1, History of American Literature /

Hlavní autor: Oliveriusová, Eva, 1928-2020
Korporativní autor: Univerzita Karlova. Pedagogická fakulta (Praha, Česko)
Jazyk: Angličtina
Vydáno: Praha : Státní pedagogické nakladatelství, 1982
Vydání: 2. vyd.
Edice: Učební texty vysokých škol
Témata:
Fyzický popis: 57 s.
Knihy
Uloženo v:
LEADER 01379nam a2200325 a 4500
001 000447425
003 CZ BrMZK
005 20230520084357.0
007 ta
008 970410s1982 xr f eng d
015 |a cnb000004604 
035 |a (OCoLC)85371054 
040 |a BOA001  |b cze 
080 |a 820(73)(075.8)  |2 MRF 
100 1 |a Oliveriusová, Eva,  |d 1928-2020  |7 jk01091061  |4 aut 
245 1 2 |a A Survey of American Literature :  |b Určeno pro posl. fak. pedagog. a filosof.  |n Part 1,  |p History of American Literature /  |c Eva Oliveriusová 
246 3 0 |a History of American Literature 
250 |a 2. vyd. 
260 |a Praha :  |b Státní pedagogické nakladatelství,  |c 1982 
300 |a 57 s. 
490 1 |a Učební texty vysokých škol 
550 |a Vydavatel: Univerzita Karlova v Praze, Pedagogická fakulta 
710 2 |a Univerzita Karlova.  |b Pedagogická fakulta (Praha, Česko)  |7 kn20010710353 
830 0 |a Učební texty vysokých škol 
910 |a BOA001  |b 4-0856.894,1  |b PK-N-0017.918,1-82 
964 |a Literatura americká - čítanky - školy vysoké 
964 |a Literatura americká - dějiny - učebnice - školy vysoké 
990 |a BK 
996 7 |b 2619754543  |c 4-0856.894,1  |l MZK  |r Sklad / do 1 hodiny  |n 19  |w 000447425  |u 000010  |a 1  |e BOA001  |j MZK50  |s A 
996 7 |b 3119905233  |c PK-N-0017.918,1-82  |l MZK  |r Sklad / do 1 hodiny  |n 11  |w 000447425  |u 000020  |a 1  |e BOA001  |j MZK50  |s A